[Event "DEN-chT 1314 52nd"]
[Site "Denmark"]
[Date "2013.11.03"]
[Round "2.1"]
[White "Matthiesen, Arne"]
[Black "Pedersen, Christian Kyndel"]
[Result "1-0"]
[WhiteElo "2358"]
[BlackElo "2422"]
[PlyCount "169"]
[EventDate "2013.11.02"]
[EventType "team-tourn"]
[EventRounds "9"]
[EventCountry "DEN"]
[SourceTitle "EXT 2015"]
[Source "ChessBase"]
[SourceDate "2014.11.20"]
[SourceVersion "1"]
[SourceVersionDate "2014.11.20"]
[SourceQuality "1"]
[WhiteTeam "Copenhagen 68"]
[BlackTeam "Jetsmark"]
[WhiteTeamCountry "DEN"]
[BlackTeamCountry "DEN"]

1. d4 Nf6 2. Nf3 e6 3. c4 d5 4. e3 Be7 5. Nc3 0-0 6. b3 Nbd7 7. Bb2 c6 8. Bd3 b6 9. 0-0 Bb7 10. Qe2 Qc7 11. Rac1 Rad8 12. cxd5 exd5 13. Nb5 Qb8 14. Ba3 Rfe8 15. Bxe7 Rxe7 16. Nc3 Ne4 17. b4 Qd6 18. Qc2 Rde8 19. b5 c5 20. dxc5 Ndxc5 21. Ne2 Rc7 22. Ned4 Rec8 23. Qe2 g6 24. Bb1 Na4 25. Rxc7 Rxc7 26. h4 Nac3 27. Qb2 Rc5 28. Bd3 Bc8 29. Qa3 Rc7 30. Qxd6 Nxd6 31. Ra1 Nc4 32. a4 Nb2 33. Bc2 f6 34. a5 Bd7 35. axb6 axb6 36. Ra8+ Kf7 37. Rh8 Kg7 38. Rb8 Nc4 39. Bd3 Nxb5 40. Nxb5 Bxb5 41. Nd4 Bd7 42. Kf1 Nb2 43. Ke2 Na4 44. Kd2 Kh6 45. Bc2 Nb2 46. Bb3 Nc4+ 47. Bxc4 dxc4 48. Kc3 b5 49. Nxb5 Bxb5 50. Rxb5 Ra7 51. g4 Ra2 52. f4 Re2 53. g5+ fxg5 54. hxg5+ Kh5 55. Re5 Kg4 56. Kxc4 Kf3 57. Kd3 Ra2 58. Re7 Rh2 59. Rf7 Rh1 60. e4 Rd1+ 61. Kc2 Rd8 62. e5 Ke4 63. e6 Re8 64. e7 Kd5 65. Kd3 Ke6 66. Rxh7 Ra8 67. Kd4 Ra4+ 68. Ke3 Kd7 69. Rf7 Ra8 70. Ke4 Re8 71. Kd5 Ra8 72. Rf6 Ra4 73. Ke5 Ra5+ 74. Ke4 Ra4+ 75. Kf3 Kxe7 76. Rxg6 Kf7 77. Rb6 Ra1 78. Kg4 Ra5 79. f5 Ra7 80. g6+ Kg7 81. Kg5 Ra8 82. Rb7+ Kg8 83. f6 Rc8 84. Kh6 Ra8 85. f7+ 1-0

[Event "DEN-chT 1314 52nd"]
[Site "Denmark"]
[Date "2013.11.02"]
[Round "1.1"]
[White "Cuenca Jimenez, Jose Fernando"]
[Black "Matthiesen, Arne"]
[Result "1-0"]
[WhiteElo "2482"]
[BlackElo "2358"]
[PlyCount "55"]
[EventDate "2013.11.02"]
[EventType "team-tourn"]
[EventRounds "9"]
[EventCountry "DEN"]
[SourceTitle "EXT 2015"]
[Source "ChessBase"]
[SourceDate "2014.11.20"]
[SourceVersion "1"]
[SourceVersionDate "2014.11.20"]
[SourceQuality "1"]
[WhiteTeam "Aarhus/Skolerne"]
[BlackTeam "Copenhagen 68"]
[WhiteTeamCountry "DEN"]
[BlackTeamCountry "DEN"]

1. e4 e6 2. d4 d5 3. Nc3 Nf6 4. Bg5 dxe4 5. Nxe4 Nbd7 6. Nf3 h6 7. Nxf6+ Nxf6 8. Be3 Bd6 9. Bd3 Bd7 10. Qe2 Bc6 11. 0-0-0 Nd5 12. c4 Nxe3 13. fxe3 Bxf3 14. Qxf3 c6 15. d5 exd5 16. cxd5 c5 17. Bb5+ Kf8 18. Rhf1 f6 19. e4 a6 20. Bc4 b5 21. Bd3 c4 22. Bc2 Qa5 23. e5 Bxe5 24. d6 Rd8 25. Rfe1 Bxd6 26. Re6 Be7 27. Rxd8+ Bxd8 28. Bg6 1-0

[Event "Kolding Sondex Cup Gp2"]
[Site "Kolding"]
[Date "2013.04.14"]
[Round "4"]
[White "Bank, Pelle Rodkjaer"]
[Black "Matthiesen, Arne"]
[Result "1/2-1/2"]
[WhiteElo "2249"]
[BlackElo "2350"]
[PlyCount "54"]
[EventDate "2013.04.12"]
[EventType "tourn"]
[EventRounds "5"]
[EventCountry "DEN"]
[EventCategory "5"]
[SourceTitle "CBM 153 Extra"]
[Source "ChessBase"]
[SourceDate "2013.04.22"]
[SourceVersion "1"]
[SourceVersionDate "2013.04.22"]
[SourceQuality "1"]

1. e4 e6 2. d4 d5 3. Nd2 c5 4. exd5 exd5 5. Ngf3 Nf6 6. Bb5+ Bd7 7. Bxd7+ Nbxd7 8. 0-0 Be7 9. dxc5 Nxc5 10. Nb3 Nce4 11. Nbd4 0-0 12. c3 Re8 13. a4 a6 14. Be3 Qd7 15. a5 Bd6 16. Qa4 Qg4 17. Qb3 Re7 18. Nc2 Qh5 19. Rfd1 Rd8 20. h3 Rdd7 21. Nb4 Bc7 22. Rd3 Re8 23. Rad1 Red8 24. Qa2 d4 25. Rxd4 Rxd4 26. Rxd4 Rxd4 27. Bxd4 Qxa5 1/2-1/2

[Event "Kolding Sondex Cup Gp2"]
[Site "Kolding"]
[Date "2013.04.14"]
[Round "5"]
[White "Matthiesen, Arne"]
[Black "Bromann, Thorbjorn"]
[Result "1-0"]
[WhiteElo "2350"]
[BlackElo "2369"]
[PlyCount "153"]
[EventDate "2013.04.12"]
[EventType "tourn"]
[EventRounds "5"]
[EventCountry "DEN"]
[EventCategory "5"]
[SourceTitle "CBM 153 Extra"]
[Source "ChessBase"]
[SourceDate "2013.04.22"]
[SourceVersion "1"]
[SourceVersionDate "2013.04.22"]
[SourceQuality "1"]

1. d4 g6 2. e4 Bg7 3. Nf3 d6 4. Be2 Nf6 5. Nc3 a6 6. 0-0 0-0 7. Re1 e6 8. e5 dxe5 9. Nxe5 Nfd7 10. Nf3 h6 11. Be3 Nf6 12. Qd2 Kh7 13. Ne5 Nbd7 14. Bf4 Nb6 15. Bf3 Nbd5 16. Bg3 Ne7 17. Rad1 Nf5 18. Bf4 Nd5 19. Ne2 c6 20. c3 Qe7 21. Qc2 Nxf4 22. Nxf4 Bd7 23. Nxd7 Qxd7 24. Be4 Ne7 25. h4 Qc7 26. g3 Kg8 27. h5 g5 28. Nd3 Rad8 29. Qe2 Rd6 30. Nc5 Rfd8 31. Bc2 Kf8 32. Rd3 Nd5 33. Rf3 Nf6 34. Kg2 Re8 35. Qc4 Rd5 36. Qb4 Kg8 37. Bb3 g4 38. Rfe3 Rxh5 39. Qxb7 Qxb7 40. Nxb7 Nd7 41. Nd6 Re7 42. Nc8 Re8 43. Nd6 Re7 44. Nxf7 Rxf7 45. Rxe6 Kh8 46. Rd6 Rf6 47. Rxd7 Rhf5 48. Re2 Bf8 49. Be6 Ra5 50. Rf7 Rxf7 51. Bxf7 c5 52. d5 c4 53. a3 Kg7 54. Bh5 Rxd5 55. Bxg4 a5 56. Be6 Rc5 57. a4 Rc7 58. Kf1 Kf6 59. Ke1 h5 60. Kd1 Rc6 61. Bd5 Rc5 62. Rd2 Bg7 63. Bf3 Ke6 64. Kc2 Bh6 65. Rd4 Rf5 66. Be2 Rxf2 67. Kd1 Rg2 68. Bxc4+ Kf6 69. Be2 Rxg3 70. Bxh5 Rg2 71. Be2 Rg5 72. Kc2 Bf8 73. Kb3 Ke5 74. Bc4 Rg2 75. Rd5+ Ke4 76. Rxa5 Bh6 77. Bd5+ 1-0

[Event "DEN-chT 1213"]
[Site "Denmark"]
[Date "2013.02.17"]
[Round "7.1"]
[White "Andersen, Mads"]
[Black "Matthiesen, Arne"]
[Result "1/2-1/2"]
[WhiteElo "2461"]
[BlackElo "2345"]
[PlyCount "126"]
[EventDate "2012.10.27"]
[EventType "team-tourn"]
[EventRounds "9"]
[EventCountry "DEN"]
[SourceTitle "EXT 2023"]
[Source "ChessBase"]
[SourceDate "2022.10.05"]
[SourceVersion "1"]
[SourceVersionDate "2022.10.05"]
[SourceQuality "1"]
[WhiteTeam "Nordea"]
[BlackTeam "Copenhagen 68"]
[WhiteTeamCountry "DEN"]
[BlackTeamCountry "DEN"]

1. d4 e6 2. c4 Nf6 3. Nc3 Bb4 4. e3 b6 5. Nge2 Ne4 6. Bd2 Nxd2 7. Qxd2 Bb7 8. a3 Bd6 9. d5 0-0 10. g3 Na6 11. Bg2 Nc5 12. Qc2 a5 13. b3 c6 14. 0-0 cxd5 15. cxd5 Rc8 16. Rfd1 e5 17. Nb5 Qe7 18. Nec3 Ba6 19. Nxd6 Qxd6 20. Qb1 f5 21. b4 Nb7 22. Qb2 Bc4 23. Rab1 Rb8 24. Rbc1 axb4 25. axb4 Rfc8 26. e4 f4 27. Nb1 fxg3 28. hxg3 Qe7 29. Na3 b5 30. f4 exf4 31. gxf4 Nd6 32. Qd4 Rf8 33. Nxc4 Nxc4 34. d6 Qh4 35. f5 Rf6 36. Qc5 Rh6 37. Rc3 Qh2+ 38. Kf1 Rh4 39. Rf3 Ne5 40. Rf2 Rf4 41. Rxf4 Qxf4+ 42. Qf2 Qg5 43. Kg1 Rc8 44. Qa2+ Kh8 45. Qa6 Qe3+ 46. Kf1 Qf4+ 47. Kg1 Qe3+ 48. Kf1 Rb8 49. Qa2 Ng4 50. Qe2 Qf4+ 51. Kg1 Rc8 52. Bf3 Ne5 53. Bg2 Rc1 54. Rxc1 Qxc1+ 55. Bf1 Qc3 56. Qxb5 Qg3+ 57. Kh1 Qh4+ 58. Kg1 Nf3+ 59. Kg2 Ne1+ 60. Kg1 Qg3+ 61. Kh1 Qh4+ 62. Kg1 Qg3+ 63. Kh1 Qh4+ 1/2-1/2

[Event "DEN-chT 1213"]
[Site "Denmark"]
[Date "2013.01.13"]
[Round "5.1"]
[White "Hagen, Andreas Skytte"]
[Black "Matthiesen, Arne"]
[Result "1-0"]
[WhiteElo "2416"]
[BlackElo "2345"]
[PlyCount "113"]
[EventDate "2012.10.27"]
[EventType "team-tourn"]
[EventRounds "9"]
[EventCountry "DEN"]
[SourceTitle "EXT 2014"]
[Source "ChessBase"]
[SourceDate "2013.11.20"]
[SourceVersion "1"]
[SourceVersionDate "2013.11.20"]
[SourceQuality "1"]
[WhiteTeam "Valby K41"]
[BlackTeam "Copenhagen 68"]
[WhiteTeamCountry "DEN"]
[BlackTeamCountry "DEN"]

1. e4 g6 2. d4 Bg7 3. Nc3 d6 4. f4 Nf6 5. Nf3 0-0 6. Bd3 Nbd7 7. 0-0 e5 8. dxe5 dxe5 9. Kh1 c6 10. Qe2 Qe7 11. f5 Nc5 12. Bg5 Nxd3 13. cxd3 h6 14. Bh4 gxf5 15. exf5 Bxf5 16. Ne1 Bg6 17. Qf2 Qb4 18. Bxf6 Bxf6 19. Qxf6 Qxb2 20. Nf3 Qxc3 21. Nxe5 Rad8 22. Rae1 Qd4 23. Rf4 Qd6 24. Qh4 Rde8 25. d4 Kg7 26. Ref1 Re6 27. Ng4 h5 28. Ne5 Rxe5 29. dxe5 Qxe5 30. Qf2 b6 31. Ra4 Qe7 32. Re1 Qc7 33. h3 c5 34. Qb2+ Kg8 35. Qf6 Rd8 36. Rxa7 Qxa7 37. Qxd8+ Kg7 38. Re8 Qxa2 39. Qxb6 Qa1+ 40. Kh2 Qd4 41. Qc7 c4 42. Rd8 Qc3 43. Qc5 Qf6 44. Rd4 Bd3 45. Qd6 Kg6 46. Qg3+ Qg5 47. Rd6+ f6 48. Rd5 Qxg3+ 49. Kxg3 Be2 50. Rc5 Bf1 51. h4 Kh6 52. Rf5 Bd3 53. Rxf6+ Kg7 54. Rc6 Kf7 55. Kf4 Ke7 56. Ke3 Bf1 57. g3 1-0

[Event "DEN-chT 1213"]
[Site "Denmark"]
[Date "2012.10.27"]
[Round "1.1"]
[White "Hector, Jonny"]
[Black "Matthiesen, Arne"]
[Result "1/2-1/2"]
[WhiteElo "2539"]
[BlackElo "2345"]
[PlyCount "84"]
[EventDate "2012.10.27"]
[EventType "team-tourn"]
[EventRounds "9"]
[EventCountry "DEN"]
[SourceTitle "EXT 2014"]
[Source "ChessBase"]
[SourceDate "2013.11.20"]
[SourceVersion "1"]
[SourceVersionDate "2013.11.20"]
[SourceQuality "1"]
[WhiteTeam "Nordkalotten"]
[BlackTeam "Copenhagen 68"]
[WhiteTeamCountry "DEN"]
[BlackTeamCountry "DEN"]

1. e4 e6 2. d4 d5 3. e5 c5 4. c3 Bd7 5. Nf3 Nc6 6. Bd3 cxd4 7. 0-0 Qb6 8. Re1 Nge7 9. h4 h6 10. Na3 Nf5 11. Bxf5 Bxa3 12. bxa3 exf5 13. cxd4 0-0 14. Bf4 Na5 15. Rb1 Qc6 16. e6 fxe6 17. Ne5 Qc8 18. Re3 Kh7 19. Rg3 Be8 20. Qd2 Qd8 21. Rxg7+ Kxg7 22. Bxh6+ Kg8 23. Bxf8 Kxf8 24. Qh6+ Ke7 25. Re1 Rc8 26. h5 Nc6 27. Nf3 Bf7 28. Ng5 Qg8 29. Nh7 Nxd4 30. Qf6+ Kd7 31. Qxd4 Qxh7 32. Qxa7 Rc7 33. Qa4+ Kd8 34. Qa8+ Ke7 35. Qa5 Kd7 36. Qa4+ Kd8 37. Qa8+ Ke7 38. Qa5 Rd7 39. Qc5+ Kf6 40. Qd4+ Ke7 41. Qc5+ Ke8 42. Qc8+ Ke7 1/2-1/2

[Event "Ischia op 4th"]
[Site "Ischia"]
[Date "2012.07.22"]
[Round "1"]
[White "Matthiesen, Arne"]
[Black "Groh, Jiri"]
[Result "1-0"]
[WhiteElo "2336"]
[BlackElo "2054"]
[PlyCount "109"]
[EventDate "2012.07.22"]
[EventType "swiss"]
[EventRounds "7"]
[EventCountry "ITA"]
[SourceTitle "EXT 2014"]
[Source "ChessBase"]
[SourceDate "2013.11.20"]
[SourceVersion "1"]
[SourceVersionDate "2013.11.20"]
[SourceQuality "1"]

1. d4 d5 2. c4 e6 3. Nc3 Nf6 4. cxd5 exd5 5. Bg5 Be7 6. e3 0-0 7. Bd3 h6 8. Bh4 b6 9. Nf3 Bb7 10. 0-0 Ne4 11. Bxe7 Qxe7 12. Qb3 Nxc3 13. Qxc3 c5 14. dxc5 bxc5 15. Rac1 Nd7 16. Bf5 Rfc8 17. Rfd1 Rc7 18. Bxd7 Qxd7 19. b4 Rac8 20. bxc5 Qa4 21. Qd4 Qxa2 22. Ra1 Qb3 23. Nd2 Qc2 24. Rdc1 Qf5 25. Rxa7 Bc6 26. Rxc7 Rxc7 27. Nf3 f6 28. Qd2 Be8 29. Nd4 Qe5 30. Qa5 Rc8 31. h3 Kh7 32. c6 f5 33. Qa6 Bd7 34. Rd1 Be6 35. Qd3 h5 36. Rb1 g6 37. f4 Qd6 38. Rb7+ Kh6 39. Qc3 Rg8 40. Qb4 Qxb4 41. Rxb4 Bc8 42. Rb5 Ba6 43. Rxd5 Rb8 44. Rc5 Rb1+ 45. Kf2 h4 46. g3 Rh1 47. gxh4 Kh5 48. c7 Bc8 49. Rd5 Rxh3 50. Rd8 Ba6 51. c8Q Bxc8 52. Rxc8 Kg4 53. Rg8 Kh5 54. Nf3 g5 55. Rxg5+ 1-0